000 01044nam a2200253Ia 4500
008 130821s2012 ck gr spa
020 _a9789588757100
020 _a9789588757148
040 _aCo-BoUCM
_bspa
041 0 0 _aspa
100 1 _aRojas López, Juan Gabriel
245 1 4 _aLos presupuesto procesales en el derecho procesal administrativo estudio comparativo de los presupuestos procesales en el derecho procesal administrativo a la luz del decreto 01 de 1984 y de la ley 1437 de 2011
_cJuan Gabriel Rojas López.
260 _aMedellín (Antioquia, Colombia)
_bLibrería jurídica Sanchez R.
_c2012
300 _a131 páginas
504 _aIncluye referencias bibliográficas.
650 0 4 _aAcción de cumplimiento
_98341
650 0 4 _aAcciones populares
_98361
650 0 4 _aDerecho administrativo
_912695
650 0 4 _aDerecho procesal
_912822
650 0 4 _aNulidad (Derecho)
650 0 4 _aProcedimiento administrativo
_922330
942 _cLIBRO
_a8
_e1
_mR741p
_2DEWEY
_h342.066
999 _c39309
_d39309